Представление документа в формате RUSMARC

ПолеНазваниеЗначение
  Тип записи a
  Библиографический уровень a
001 Контрольный номер RU/CBS_UL/BASE/ea73b9f86e8344c0a76b4f2c2cdfa906
005 Дата корректировки 20250313102849.0
100 Данные общей обработки __
a Данные общей обработки 20250313 ||| 0rusy0189 ca
101 Язык документа 0_
a Язык текста rus
102 Страна публикации __
a Страна публикации RU
200 Заглавие и сведения об ответственности 1_
a Заглавие Народная потеха
e Сведения, относящиеся к заглавию [почему православная церковь прокляла кулачные бои?]
f Первые сведения об ответственности Э. Шауров
300 Общие примечания __
a Общие примечания 16+
461 Уровень набора _0
1 2000
a Загадки истории
463 Уровень физической единицы _0
1 2000
a № 50
v С. 32-33
1 2101
d 2023
1 001RU/CBS_UL/BASE/637c64fc5ad0405a95f658ff0b3c32e7
606 Тематические рубрики 0_
a Основная рубрика Кулачные бои
610 Ключевые слова 0_
a Ключевые слова народные традиции
610 Ключевые слова 0_
a Ключевые слова русские традиции
610 Ключевые слова 0_
a Ключевые слова кулачные бои
610 Ключевые слова 0_
a Ключевые слова бои
610 Ключевые слова 0_
a Ключевые слова схватки
686 Индексы других классификаций __
a Классификационный индекс 63.5(2)
700 Автор _1
a Фамилия Шауров
b Имя (инициалы) Э.
801 Источник записи _0
a Страна RU
b Организация МБУК ЦБС г. Ульяновска
c Дата составления 20250313
g Правила каталогизации RCR
801 Источник записи _1
a Страна RU
b Организация МБУК ЦБС г. Ульяновска
c Дата составления 20250313
g Правила каталогизации RCR
901 Тип документа __
t Тип документа f
w Контрольный № источника RU/CBS_UL/BASE/637c64fc5ad0405a95f658ff0b3c32e7
909 Создатель записи __
a Создатель записи mbo